Countries in the Arctic Circle - Statistics

General Stats
  • This quiz has been taken 21 times
  • The average score is 8 of 8
Answer Stats
Hint Answer % Correct
2 Denmark (Greenland)
100%
1 Canada
95%
3 Finland
95%
4 Iceland
95%
5 Norway
95%
7 Russia
95%
6 Sweden
95%
8 United States of America
86%
No matching quizzes found
Score Distribution
Percent of People with Each Score
Percentile by Number Answered
Your Score History
You have not taken this quiz